Central Library OPAC University of Rajshahi

The coming political breakthrough / (Record no. 28173)

MARC details
000 -LEADER
fixed length control field 00900nam a22002891 4500
001 - CONTROL NUMBER
control field 28173
003 - CONTROL NUMBER IDENTIFIER
rucl marc code BD-RjUL
005 - DATE AND TIME OF LATEST TRANSACTION
control field 20211209051239.0
008 - FIXED-LENGTH DATA ELEMENTS--GENERAL INFORMATION
fixed length control field 140329s1959 nyu 000 0 eng
035 ## - SYSTEM CONTROL NUMBER
System control number (BD-RjUL)28254
System control number (OCoLC)1099839
040 ## - CATALOGING SOURCE
Original cataloging agency DLC
Transcribing agency TxU-Da
Modifying agency OCoLC
-- DLC
-- BD-RjUL
Language of cataloging eng
041 ## - LANGUAGE CODE
Language code of text/sound track or separate title eng
082 00 - DEWEY DECIMAL CLASSIFICATION NUMBER
Classification number 329
Author mark and year BOC 1959
100 1# - MAIN ENTRY--PERSONAL NAME
Personal name Bowles, Chester,
Dates associated with a name 1901-1986.
9 (RLIN) 84286
245 14 - TITLE STATEMENT
Title The coming political breakthrough /
Statement of responsibility, etc. Chester Bowles.
250 ## - EDITION STATEMENT
Edition statement 1st ed.
260 ## - PUBLICATION, DISTRIBUTION, ETC. (IMPRINT)
Place of publication, distribution, etc. New York :
Name of publisher, distributor, etc. Harper,
Date of publication, distribution, etc. 1959.
300 ## - PHYSICAL DESCRIPTION
Pagination xi, 209 p. ;
Size 22 cm.
650 #0 - SUBJECT ADDED ENTRY--TOPICAL TERM
Topical term or geographic name as entry element Political parties
Geographic subdivision United States.
9 (RLIN) 6269
651 #0 - SUBJECT ADDED ENTRY--GEOGRAPHIC NAME
Geographic name United States
General subdivision Politics and government
Chronological subdivision 20th century.
9 (RLIN) 9003
Geographic name United States
General subdivision Economic policy.
9 (RLIN) 86308
Geographic name United States
General subdivision Foreign relations
Chronological subdivision 20th century.
9 (RLIN) 6485
942 ## - ADDED ENTRY ELEMENTS (KOHA)
Source of classification or shelving scheme Dewey Decimal Classification
Koha item type Books
Holdings
Lost status Source of classification or shelving scheme Damaged status Not for loan Collection code Permanent Location Current Location Shelving location Date acquired Source of acquisition Cost, normal purchase price Total Checkouts Full call number Date last seen Copy number Koha item type
  Dewey Decimal Classification   Added to bundle Non-fiction Central Library, University of Rajshahi Central Library, University of Rajshahi Reading Room 26/10/1962 Zeitlinger. 26.00   329 BOC 1959 29/03/2014 C-1 Books